00708nam a2200205 i 450000100060000000300090000600500170001500700030003200800410003510000330007624500780010925000120018726000350019930000410023449000240027583000320029985200320033199900170036395201220038042123ES-MaACL20230906160542.0t|030312s1964 sp ||||1| cat d1 aCastanys, Valentín.93640113aLa memáoria es divertix b: migsegle de records / cValentí Castanys. a1ª ed. aBarcelona : bDestino, c1964. a210 p., 19 lám. : bil. ; c20 cm.1 aCollecció el Dofi0 aCollecció el Dofi9181925 aES-MaACLjC-25632 bR.54229 c42123d42123 00104070aATENEOMbATENEOMcDEPO2d2008-01-17eSCl0oC-25632p1044335r2023-02-23 00:00:00w2023-02-23yMONOGRAFIA